000 00659nam a2200205Ia 4500
003 IN-BaIIA
008 211028s9999 xx 000 0 eng d
020 _a0-07-079292-5
040 _cIIA Library
080 _a031:5
_bMES-12
110 _aMcGraw-Hill Book
245 0 _aMcGraw-Hill encyclopedia of science & technology
_bvol.12, an international reference work in twenty volumes including an index NIO-OZO
_cMcGraw-Hill
250 _a6th ed.
260 _aNew York
_bMcGraw-Hill
_c1987
300 _a612p.
650 _aASA Thesaurus
_916948
650 _aEncyclopedia-Science & Technology
650 _aScience & Technology Encyclopedia
942 _cBK
999 _c9992
_d9992